| 000 | 01164nam a2200301 a 4500 | ||
|---|---|---|---|
| 001 | ENG-90837 | ||
| 005 | 20071231103130.0 | ||
| 008 | 080901t xxu||||| |||| 00| 0 eng d | ||
| 010 | _aENG-90837 | ||
| 020 |
_c240.00 _a9788126025404 |
||
| 035 | _aEN-74370 | ||
| 037 | _bDBAD / VEN | ||
| 040 | _aDPL | ||
| 082 | _a871.092 | ||
| 245 |
_aNeela Padmanabhan: _ctranslated and edited by Prema Nandakumar _ba reader / |
||
| 260 |
_aNew Delhi _bSahitya Akademi _c2007 |
||
| 270 |
_aRabindra Bhavan, 35, Ferozeshah Road, _bNew Delhi _e110001 |
||
| 270 |
_aE-1/268, Sonia Vihar _bDelhi |
||
| 300 |
_axxvi, 455p. _c25 cm (Hb) |
||
| 500 | _aSelections from Tamil writings of Neela Padmanabhan in English | ||
| 600 | _aPadmanabhan, Neela, 1938- | ||
| 650 |
_aTamil literature _xHistory and criticism |
||
| 650 |
_aTamil literature _xTanslation into English |
||
| 700 | _aNandakumar, Prema | ||
| 942 |
_2ddc _cEN _h871.092 _mNEE |
||
| 999 |
_c15247 _d15247 |
||